LIBRARY & INFORMATION CENTRE, KCAET, TAVANUR

ONLINE PUBLIC ACCESS CATALOGUE (OPAC)

Handbook of farm, dairy, and food machinery / (Record no. 13653)

MARC details
000 -LEADER
fixed length control field 00505cam a2200169 a 4500
020 ## - INTERNATIONAL STANDARD BOOK NUMBER
ISBN 9780815515388 (97808155 : alk. paper)
020 ## - INTERNATIONAL STANDARD BOOK NUMBER
ISBN 0815515383 (08155 : alk. paper)
082 00 - DEWEY DECIMAL CLASSIFICATION NUMBER
Classification number 664.02
Item number KUT/HA
245 00 - TITLE STATEMENT
Title Handbook of farm, dairy, and food machinery /
260 ## - PUBLICATION, DISTRIBUTION, ETC. (IMPRINT)
Place of publication Norwich, N.Y., U.S.A., :
Name of publisher William Andrew Pub.,
Year of publication c2007.
300 ## - PHYSICAL DESCRIPTION
Number of Pages xxix, 732 p. :
Other physical details ill. ;
650 #0 - SUBJECT ADDED ENTRY--TOPICAL TERM
Topical Term Food processing machinery
650 #0 - SUBJECT ADDED ENTRY--TOPICAL TERM
Topical Term Farm equipment
650 #0 - SUBJECT ADDED ENTRY--TOPICAL TERM
Topical Term Dairying
700 1# - ADDED ENTRY--PERSONAL NAME
Personal name Kutz, Myer.
942 ## - ADDED ENTRY ELEMENTS (KOHA)
Koha item type Books
Holdings
Withdrawn status Lost status Damaged status Collection code Home library Current library Shelving location Date acquired Source of acquisition Cost, normal purchase price Full call number Accession Number Koha item type
      Reference KAUAET KAUAET Reference 31/03/2012 Universal Research Books, Thrissur 1695.00 664.02 KUT/HA 22604 Reference
free website counter